01847nam a2200397 a 4500001001200000003000800012006001900020007001500039008004100054010001700095020002200112040002100134035002000155050002200175082001900197110008200216245027800298260005600576300002400632490002300656504004100679533015200720536005200872610004300924610004900967650003501016650003901051650004801090650004301138650004101181655002901222710001701251830003801268856012601306999001701432ebr10051636CaPaEBRm u cr cn|||||||||001026s2000 dcua sb f000 0 eng d z 00710549  z0309069254 (pbk.) aCaPaEBRcCaPaEBR a(OCoLC)4701111914aV165b.N38 2000eb04a359.4/09732212 aNational Research Council (U.S.).bCommittee on Network-Centric Naval Forces.10aNetwork-centric naval forcesh[electronic resource] :ba transition strategy for enhancing operational capabilities /cCommittee on Network-Centric Naval Forces, Naval Studies Board, Commission on Physical Sciences, Mathematics, and Applications, National Research Council. aWashington, D.C. :bNational Academy Press,cc2000. axix, 489 p. :bill.1 aThe compass series aIncludes bibliographical references. aElectronic reproduction.bPalo Alto, Calif. :cebrary,d2013.nAvailable via World Wide Web.nAccess may be limited to ebrary affiliated libraries. aDept. of Navy.bcontract N00014-96-D-1069/000110aUnited States.bNavyxData processing.10aUnited States.bNavyxCommunication systems. 0aNaval strategyzUnited States. 0aOperational art (Military science) 0aCommand and control systemszUnited States. 0aInformation technologyzUnited States. 0aInformation networkszUnited States. 7aElectronic books.2local2 aebrary, Inc. 0aCompass series (Washington, D.C.)40uhttp://site.ebrary.com/lib/rucke/Doc?id=10051636zAn electronic book accessible through the World Wide Web; click to view c67078d67078